Quizzes
Events
Quiz Creation
Community
Videos
Private Events
Remove Ads
Sign In
Join for FREE
Feedback
Dark Mode
Quiz Categories
Sports
Geography
Music
Movies
Television
Just For Fun
Miscellaneous
History
Literature
Language
Science
Gaming
Entertainment
Religion
Holiday
For Kids
Quiz Lab
Recent
Popular Today
Quiz Kudos Today
Editor Picks
Curator Picks
Quizzes by...
Day
Popularity
Type
Ratings
Length
Year
Community
Subscriptions
Recent Discussions
Orange Saloon
Badges
Playlists
Quests
Create
Leaderboards
Showdown
Live 5
Trivia Bingo
Activity
Puzzle Library
Sporcle Events
Private Events
Virtual Trivia
Globe League
Become a Host
Pub Owners
SporcleCon
Opinionation
Our Games
Videos
Blog
Mobile Apps
Partnerships
Remove Ads and Go Orange
Feedback
Entertainment
Celebrity
Famous
Musical
Broadway
Show
Quote
Comic Books
Anime
Superhero
DC Comics
Marvel
Cartoons
Animation
Entertainment
Celebrity
Famous
Musical
Broadway
Show
Quote
Comic Books
Anime
Superhero
DC Comics
Marvel
Cartoons
Animation
Random Quiz
Search Sporcle
×
Quiz Lab
Quiz Lab
Entertainment
Show
Type in answers that appear in a list
Type in answers that appear in a list
Classic
Best Score? Go Orange.
Stern Show Wack Packers Stats
Can you name the Stern Show Wack Packers?
By
jdawes01
10m
20 Questions
71 Plays
71 Plays
71 Plays
Comments
Comments
Give Quiz Kudos
Give Quiz Kudos
-
- Ratings
hide this ad
Random Order
Randomize order of answers
Randomize order of answers
Replay
Link that replays current quiz
Next Quiz
Link to next quiz in quiz playlist
You Got
0%
They Got
Avg Score
63%
Avg Friend Score
Upgrade to see
Score Distribution
Jump to the score distribution portion of the page
Score
0/20
Timer
10:00
0
Plays Today
Real Name
Stern Show Name
% Correct
Jeff Curro
Jeff the Drunk
94.4%
Erik Bleaman
High Pitch Eric
93%
Eric Lynch
Eric the Midget
90.1%
Lester Green
Beetlejuice
84.5%
Gary Loudermilk
Gary the Retard
83.1%
Suzanne Muldowney
Underdog Lady
81.7%
Mark Shaw Jr.
Bigfoot
77.5%
Alice Gotti
Crazy Alice
76.1%
Andrea Brooke Ownbey
Miss Howard Stern
73.2%
Fred Schreiber
Fred the Elephant Boy
64.8%
Real Name
Stern Show Name
% Correct
Henry Joseph Nasiff Jr.
Hank the Angry Drunken Dwarf
64.8%
Elliot Offen
Elegant Elliot Offen
63.4%
Jeff Levy
Jeff the Vomit Guy
59.2%
Mark Rothenberger
Mark the Bagger
47.9%
Imran Khan
Hanzi
47.9%
George Harvey
Crackhead Bob
43.7%
John Smith
John the Stutterer
42.3%
Ellen Niermer Pinsky
Blue Iris
39.4%
Michael Del Campo
Sour Shoes
23.9%
Ted Green
Ted the Janitor
21.1%
Quiz Playlist
Details
Report
Send in Message
Add To Playlist
Classic:
Type in answers that appear in a list
Random Order:
Randomize order of answers
Last Updated: Feb 16, 2017
Quiz Scoreboard
CHALLENGE
Sign Up to Join the Scoreboard
Show All
Scores
Hide
Comments
May contain spoilers
Recently Published
Decade Duel: World Leaders
by jenniferyan
History
4m
Alphabetical 'K' Countries by Flag Minefield
by ylime102
Geography
3m
Pick 6: Fruits
by JohnFran
Miscellaneous
15s
More to Explore
Quiz From the Vault
Featured Blog Post
15 Basketball Trivia Facts You Can Be March Mad About
hide this ad
You Might Also Like...
Tags
Show Quiz
Green Bay Packers
Howard Stern
Stern
Wack
Today's Top Quizzes in Entertainment
Browse Entertainment
hide this ad
Today's Top Quizzes in Show
Browse Show
Top Contributed Quizzes in Entertainment
1
Eurovision 2023 Logic Puzzle
2
Titans/Young Justice Logic Puzzle (Read Note)
3
The Joker Actors by Order
4
Decade Duel: Actor
5
Spider-Man Actors by Order
6
Decade Duel: Actress
7
JoJo's Bizarre Logic Quiz
8
Click the Fictional John
9
Click the Fictional Bruce
10
Picture Click Blitz: Snow White
Explore More
Trending Topics
Crossword
Kpop
Harry Potter
Disney
NBA
Anime
Marvel
WWE
Pokémon
NFL
Puzzle
Song
Country
The Office
Soccer
hide this ad
More By:
jdawes01
Quiz
Plays
Rating
Category
Featured
Created
Stern Show Wack Packers
71
Entertainment
Apr 30, 2010
Go to Creator's Profile
Score Distribution
Quiz Creator Spotlight
jdawes01
Follow
Send a Message
Quizzes Created
-
Created Quiz Play Count
-
More By This Creator
Popular Quizzes Today
1
Countries of Asia Without Outlines Minefield
2
Find the US States - No Outlines Minefield
3
Pick 6: Fruits
4
The Countries of the World
5
Alphabetical 'K' Countries by Flag Minefield
6
Find the Countries of Europe - No Outlines Minefield
7
US States
8
Find the US States
More Entertainment Quizzes
Attack on Titan Characters
Quiz Lab
Trending Quizzes
Pick 6: Mountains
Pick 6: Harry Potter
Pick 6: Flags
Pick 6: NFL Teams
Pick 6: Movie Franchises
Recently Updated
Adaptations: Name the Title
pecheneg
NWSL Teams
pecheneg
Women's Final Four Teams by Year
bhenderson79
Presidents Quartet II
eogle
Anything But Clue(do)
eogle
Anything But Oceanian Capitals
eogle
Anything But 7
eogle
Anything But Thing
eogle
Word Ladder: February 29
pecheneg
Song Title Questions
pecheneg
Trending Topics
NBA
Crossword
Anime
Disney
Marvel
Kpop
Harry Potter
WWE
Pokémon
The Office
Song
NFL
Soccer
Puzzle
Country
Your Account Isn't Verified!
In order to create a playlist on Sporcle, you need to verify the email address you used during registration. Go to your
Sporcle Settings
to finish the process.
Report this User
Report this user for behavior that violates our
Community Guidelines
.
Details:
Send Report
Go to the Sporcle.com Mobile Site →
Comments